Essentials of stochastic finance : facts, models, theory (Record no. 7467)

MARC details
000 -LEADER
fixed length control field 00734 a2200193 4500
000 - LEADER
fixed length control field BKB
001 - CONTROL NUMBER
control field 133143
005 - DATE AND TIME OF LATEST TRANSACTION
control field 20200902152049.0
008 - FIXED-LENGTH DATA ELEMENTS--GENERAL INFORMATION
fixed length control field
020 ## - INTERNATIONAL STANDARD BOOK NUMBER
International Standard Book Number 9789810236052
082 ## - DEWEY DECIMAL CLASSIFICATION NUMBER
Classification number 332.60151923
Item number S67E
100 1# - MAIN ENTRY--PERSONAL NAME
Personal name Shiryaev, Albert N.
245 1# - TITLE STATEMENT
Title Essentials of stochastic finance : facts, models, theory
Statement of responsibility, etc by Albert N. Shiryaev; translated from the Russian by N. Kruzhin
260 ## - PUBLICATION, DISTRIBUTION, ETC. (IMPRINT)
Place of publication, distribution, etc Singapore
Name of publisher, distributor, etc World Scientific
Date of publication, distribution, etc 2012
300 ## - PHYSICAL DESCRIPTION
Extent 834 p.
490 ## - SERIES STATEMENT
Series statement Advanced series on statistical science & applied probability; no.3
Volume number/sequential designation
690 ## - LOCAL SUBJECT ADDED ENTRY--TOPICAL TERM (OCLC, RLIN)
Topical term or geographic name as entry element Statistical decision; Stochastic processes; Financial engineering; Investments-Mathematics
700 ## - ADDED ENTRY--PERSONAL NAME
Personal name Kruzhin, N. trnslator
Numeration
Titles and other words associated with a name
Holdings
Withdrawn status Lost status Damaged status Not for loan Home library Current library Date acquired Total Checkouts Full call number Barcode Date last seen Price effective from Koha item type
        Central University Of Rajasthan Central University Of Rajasthan 31/08/2012   332.60151923 S67E 10727 21/11/2024 02/09/2020 Books